Normal view
MARC view
Entry Personal Name
001 - CONTROL NUMBER
- control field: 7494
003 - CONTROL NUMBER IDENTIFIER
- control field: ARRUPE
005 - DATE AND TIME OF LATEST TRANSACTION
- control field: 20140131115645.0
008 - FIXED-LENGTH DATA ELEMENTS
- fixed length control field: 140131|| aca||aabn | a|a d
040 ## - CATALOGING SOURCE
- Original cataloging agency: ARRUPE
- Transcribing agency: ARRUPE
100 ## - HEADING--PERSONAL NAME
- Personal name: Raventos, Margareth H.
670 ## - SOURCE DATA FOUND
- Source citation: Work cat.: (ARRUPE): Raventos, Margareth H., The E.U.P. modern Spanish Sictionary, 1963